000 00927pam a2200241 a 4500
001 13533735
005 20180105070022.0
008 040323s2005 mau 001 0 eng
010 _a 2004040335
020 _a0072936533 (alk. paper)
035 _a(OCoLC)ocm54881994
040 _aDLC
_cDLC
_dYDX
_dDLC
041 _aeng
080 _a808.042
082 0 0 _a808.042 SAB
_222
100 1 _a46
101 _aEDU
245 1 4 _aThe Gregg reference manual :
_cWilliam A. Sabin.
906 _a7
_bcbc
_corignew
_d1
_eocip
_f20
_gy-gencatlg
942 _2ddc
_cBK
999 _c39811
_d39811